Obras / (Record no. 77568)

MARC details
000 -LEADER
campo de control de longitud fija 00830nam a2200265 i 4500
001 - NÚMERO DE CONTROL
campo de control 77568
003 - IDENTIFICADOR DE NÚMERO DE CONTROL
campo de control ES-MaACL
005 - FECHA Y HORA DE LA ÚLTIMA TRANSACCIÓN
campo de control 20250703051954.0
007 - CAMPO FIJO DE DESCRIPCIÓN FÍSICA--INFORMACIÓN GENERAL
campo de control de longitud fija t|
008 - DATOS DE LONGITUD FIJA--INFORMACIÓN GENERAL
campo de control de longitud fija 041021m19891994sp |||| |dspa d
020 ## - NÚMERO INTERNACIONAL ESTÁNDAR DEL LIBRO
Número Internacional Estándar del Libro 84-7600-413-3
080 ## - NÚMERO DE LA CLASIFICACIÓN DECIMAL UNIVERSAL
Número de la Clasificación Decimal Universal 821.134.2-2"19"
100 1# - ENTRADA PRINCIPAL--NOMBRE DE PERSONA
Nombre de persona García Lorca, Federico,
Fechas asociadas al nombre 1898-1936
9 (RLIN) 54853
245 10 - MENCIÓN DEL TÍTULO
Título Obras /
Mención de responsabilidad, etc. F. García Lorca ; edición de Miguel García-Posada.
250 ## - MENCION DE EDICION
Mención de edición 2ª ed. rev. y ampl.
260 ## - PUBLICACIÓN, DISTRIBUCIÓN, ETC.
Lugar de publicación, distribución, etc. Madrid :
Nombre del editor, distribuidor, etc. Akal,
Fecha de publicación, distribución, etc. 1989-1994.
300 ## - DESCRIPCIÓN FÍSICA
Extensión 7 v. ;
Dimensiones 17 cm.
490 1# - MENCIÓN DE SERIE
Mención de serie Akal bolsillo ;
Designación de volumen o secuencia 19-24
504 ## - NOTA DE BIBLIOGRAFÍA, ETC.
Nota de bibliografía, etc. Bibliografía.
505 8# - NOTA DE CONTENIDO CON FORMATO
Nota de contenido con formato Contiene: 1-2. Poesía - 3-5. Teatro - 6. Prosa (2 v.)
700 1# - ENTRADA AGREGADA--NOMBRE PERSONAL
Nombre de persona García-Posada, Miguel,
Fechas asociadas al nombre 1944-2012
9 (RLIN) 55131
830 10 - PUNTO DE ACCESO ADICIONAL DE SERIE-TÍTULO UNIFORME
Título uniforme Akal bolsillo
Designación de volumen o secuencia 19-24
9 (RLIN) 178001
852 ## - LOCALIZACIÓN
Ubicación ES-MaACL
Número de control de estantería L-28322-28
Holdings
Estatus retirado Estado de pérdida Estado de daño No para préstamo Biblioteca de origen Biblioteca actual Ubicación en estantería Fecha de adquisición Fuente de adquisición Total de préstamos Signatura topográfica completa Código de barras Visto por última vez Precio de reemplazo Tipo de ítem Koha
        Biblioteca del Ateneo de Madrid Biblioteca del Ateneo de Madrid Depósito 2 17/01/2008     L-28322-28 1081155 23/02/2023 23/02/2023 Libro impreso